| 000 | 01547cam a22004094a 4500 | ||
|---|---|---|---|
| 001 | 12431102 | ||
| 003 | Ost | ||
| 005 | 20140310181621.0 | ||
| 008 | 010605s2001 nyua 001 0 eng | ||
| 010 | _a 2001091945 | ||
| 020 | _a0764536281 (paperback) | ||
| 040 |
_aDLC _cDLC _dDLC |
||
| 042 | _apcc | ||
| 050 | 0 | 0 |
_aTK 5105.8885 _b.T672 2001 |
| 082 | 0 | 0 |
_aCS 005.72 _bT61 2001 |
| 100 | 1 | _aToot, Michael. | |
| 245 | 1 | 0 |
_aDreamweaver 4 in an instant / _cby Michael Toot and Mike Wooldridge. |
| 260 |
_aNew York : _bHungry Minds INC, _cc2001. |
||
| 300 |
_aix, 247 p. : _bill. ; _c23 cm. |
||
| 440 | 0 | _aVisual read less, learn more | |
| 440 | 0 | _aVisual read less, learn more | |
| 500 | _aIncludes index. | ||
| 520 | _a1. Dreamweaver (Computer file). 2. Web sites- -Anthouring programs. 3. Web Publishing. | ||
| 521 | _aBasic ed. students | ||
| 541 | _j1 | ||
| 562 | _e1 | ||
| 630 | 0 | 0 | _aDreamweaver (Computer file) |
| 650 | 0 |
_aWeb sites _xAuthoring programs. |
|
| 650 | 0 | _aWeb publishing. | |
| 700 | 1 | _aWooldridge, Mike. | |
| 856 | 4 | 2 |
_3Contributor biographical information _uhttp://www.loc.gov/catdir/bios/wiley046/2001091945.html |
| 856 | 4 | 2 |
_3Publisher description _uhttp://www.loc.gov/catdir/description/wiley039/2001091945.html |
| 856 | 4 | 1 |
_3Table of contents _uhttp://www.loc.gov/catdir/toc/wiley021/2001091945.html |
| 906 |
_a7 _bcbc _corignew _d2 _eepcn _f20 _gy-gencatlg |
||
| 942 |
_2lcc _cBK _kCS |
||
| 999 |
_c117 _d117 |
||